Az élet szolgálatában. Levéltári dokumentumok Szent-Györgyi Albertről

Elmentve itt :
Bibliográfiai részletek
Szerző: Perneki Mihály
Dokumentumtípus: Cikk
Megjelent: Csongrád megyei Lapkiadó Vállalat 1973-10-07
Sorozat:Délmagyarország : a Magyar Szocialista Munkáspárt Szeged Városi Bizottságának lapja 63 No. 235
Online Access:http://misc.bibl.u-szeged.hu/72429
LEADER 00763nab a2200181 i 4500
001 misc72429
005 20231127152205.0
008 231127s1973 hu o 000 hun d
022 |a 0133-025X 
040 |a SZTE Miscellanea Repozitórium  |b hun 
041 |a hun 
100 1 |a Perneki Mihály 
245 1 3 |a Az élet szolgálatában. Levéltári dokumentumok Szent-Györgyi Albertről  |h [elektronikus dokumentum] /  |c  Perneki Mihály 
260 |a Csongrád megyei Lapkiadó Vállalat  |c 1973-10-07 
300 |a 5 
490 0 |a Délmagyarország : a Magyar Szocialista Munkáspárt Szeged Városi Bizottságának lapja  |v 63 No. 235 
561 |a Szent-Györgyi Albertről szóló irodalom 
856 4 0 |u http://misc.bibl.u-szeged.hu/72429/1/szgya_1973_007_002.pdf.pdf  |z Dokumentum-elérés